• 首页
  • 本馆介绍
  • 公告通知
  • 最新文献
  • 馆藏检索
  • 电子资源
  • 读者导购
  • 参考咨询
  • 我的图书馆
  • 登录
  • 详细信息显示
  • 放入我的书架
  • 预约/预借图书
  • 作者相关作品
  • 分类相关作品
  • 丛书相关作品
  • 出版社相关作品

书目信息

  • 表格格式
  • 工作单格式
  • 卡片格式
题名:
DEA理论、方法与应用
    
 
作者: 盛昭瀚 , 朱乔 , 吴广谋 著
分册:  
出版信息: 北京   科学出版社  1996.11
页数: 377页
开本: 32开
丛书名:
单 册:
中图分类: F224.12
科图分类:
主题词: 经济--计算 , 经济系统--系统分析
电子资源:
ISBN: 7-03-005196-3
000 00672nam0 2200229 45
001 0106080948
005 20031219104050.3
010    @a7-03-005196-3@dCNY25.00
100    @a20010608d1996 km y0chiy0120 ea
101 0  @achi
105    @a z 000yy
200 1  @aDEA理论、方法与应用@ADEA Li Lun、Fang Fa Yu Ying Yong@f盛昭瀚,朱乔,吴广谋著@FSheng Zhao Han,Zhu Qiao,Wu Guang Mou Zhu
210    @a北京@c科学出版社@d1996.11
215    @a377页@d32开
606 0  @a经济@x计算
606 0  @a经济系统@x系统分析
690    @aF224.12@v4
701    @a盛昭瀚@4著
701  0 @a朱乔@4著
701  0 @a吴广谋@4著
801    @aCN@bTSTC@c20010608
905    @f3@b298140-142@dF224.12@e113
    
    DEA理论、方法与应用/盛昭瀚,朱乔,吴广谋著.-北京:科学出版社,1996.11
    377页;32开
    
    
    ISBN 7-03-005196-3:CNY25.00
    
●
相关链接 在E读中查询图书 在五车中查询图书 在当当中查询图书 在豆瓣中查询图书


正题名:DEA理论、方法与应用     索取号:F224.12/113         预约/预借

序号 登录号 条形码 馆藏地/架位号 状态 备注
1 0298140   202981407   第一借阅区/ [索取号:F224.12/113] 在馆    
2 0298141   202981416   第一借阅区/ [索取号:F224.12/113] 在馆    
3 0298142   202981425   第一样本阅览室/ [索取号:F224.12/113] 在馆    
唐山师范学院图书馆 欢迎您!
大连网信软件有限公司© 版权所有